Uncharted 3: Drake's Deception Chapters - Statistics

General Stats
  • This quiz has been taken 35 times
  • The average score is 13 of 22
Answer Stats
Number Chapter % Correct
6 The Chateau
78%
21 The Atlantis Of The Sands
75%
5 London Underground
72%
18 The Rub’ Al Khali
69%
1 Another Round
66%
2 Greatness From Small Beginnings
66%
17 Stowaway
66%
8 The Citadel
66%
22 The Dreamers Of The Day
63%
11 As Above, So Below
59%
20 Caravan
59%
7 Stay In The Light
59%
9 The Middle Way
59%
19 The Settlement
59%
14 Cruisin’ For A Bruisin’
56%
16 One Shot At This
56%
4 Run To Ground
56%
12 Abducted
53%
10 Historical Research
53%
13 Rough Seas
53%
3 Second-Story Work
53%
15 Sink Or Swim
50%
No matching quizzes found
Score Distribution
Percent of People with Each Score
Percentile by Number Answered
Your Score History
You have not taken this quiz